000 01154nam a2200313 c 4500
001 21843
003 ES-MaCES
005 20141221122740.0
008 090204s2008 sp o t o000 | spa d
017 _aVI 175-2008
_bDL
035 _aCES20090001326m
040 _aES-MaCES
_bspa
_cES-MaCES
110 2 _aConsejo Económico y Social de La Rioja
_92443
245 1 0 _aMemoria de actividades 2007
_cConsejo Económico y Social de la Rioja
260 _aLogroño
_bCES
_c[2008]
300 _a55 p.
_bfot. col.
_c24 cm
_e1 tarjeta CD-ROM
500 _aPubl. simultáneamente en tarjeta CD-ROM
541 _cGratuito
610 2 4 _aConsejo Económico y Social de La Rioja
_92443
650 4 _ainforme de actividades
_928984
650 4 _amemoria anual
_928977
650 4 _a2007
_931880
653 1 0 _aAdministración-Instituciones públicas
787 0 _tMemoria de actividades 2008 / Consejo Económico y Social de la Rioja
_w(ES-MaCES)22840
787 0 _tMemoria de actividades 2005 / Consejo Económico y Social de la Rioja
_w(ES-MaCES)19181
902 _aLIB Libro
942 _2CES
_cBK
_h6.3.
999 _c21843
_d21843